University Home | Library Home | Institutional Repository

Ministry of labour and Social Security : (Record no. 216453)

MARC details
000 -LEADER
fixed length control field 00621nam a22001697a 4500
005 - DATE AND TIME OF LATEST TRANSACTION
control field 20260318131027.0
008 - FIXED-LENGTH DATA ELEMENTS--GENERAL INFORMATION
fixed length control field 260318b ||||| |||| 00| 0 eng d
040 ## - CATALOGING SOURCE
Original cataloging agency LC
Transcribing agency UNZA
Modifying agency UNZA
Description conventions RDA
099 ## - LOCAL FREE-TEXT CALL NUMBER (OCLC)
Classification number GOV. ZAM (O2) 2020
110 ## - MAIN ENTRY--CORPORATE NAME
Corporate name or jurisdiction name as entry element Zambia Statistics Agency
245 ## - TITLE STATEMENT
Title Ministry of labour and Social Security :
Remainder of title 2020 child labour report /
Statement of responsibility, etc. Zambia Statistics Agency
260 ## - PUBLICATION, DISTRIBUTION, ETC.
Place of publication, distribution, etc. Lusaka :
Name of publisher, distributor, etc. Zambia Statistics Agency
300 ## - PHYSICAL DESCRIPTION
Extent 96 pages :
Other physical details illuatrations.
650 ## - SUBJECT ADDED ENTRY--TOPICAL TERM
Topical term or geographic name entry element Child labour
Geographic subdivision Zambia.
856 ## - ELECTRONIC LOCATION AND ACCESS
Uniform Resource Identifier https://www.mlss.gov.zm/wp-content/uploads/2023/10/ZM_2020-CHILD-LABOUR-REPORT.pdf
999 ## -
-- 216453
-- 216453
942 ## - ADDED ENTRY ELEMENTS (KOHA)
Koha item type Government Publications
Holdings
Withdrawn status Lost status Source of classification or shelving scheme Damaged status Not for loan Home library Current library Shelving location Date acquired Total Checkouts Full call number Barcode Date last seen Copy number Uniform Resource Identifier Price effective from Koha item type
    Library of Congress Classification     Main Library Main Library Special collections 03/18/2026   GOV. ZAM (02) 2020 33729006793702 03/18/2026 C.1 https://www.mlss.gov.zm/wp-content/uploads/2023/10/ZM_2020-CHILD-LABOUR-REPORT.pdf 03/18/2026 Government Publications
© 2026 - The University of Zambia Library - Koha v25.11